Work-related stress and psychosocial risk factors as a result of changes in economic and social conditions

Na minha lista:
Detalhes bibliográficos
Autor principal: Matkovčíková, Natália, 1982-
Formato: Capítulo de Livro
Idioma:inglês
Assuntos:
Tags: Adicionar Tag
Sem tags, seja o primeiro a adicionar uma tag!

MARC

LEADER 00000naa$a2200000$$$4500
001 0215000
005 20240502073606.2
041 0 |a eng 
044 |a SK 
245 1 0 |a Work-related stress and psychosocial risk factors as a result of changes in economic and social conditions  |c Natália Matkovčíková 
610 2 0 |a spoločnosti 
610 2 0 |a firmy 
610 2 0 |a práca 
610 2 0 |a pracovisko 
610 2 0 |a prostredie pracovné 
610 2 0 |a stresy 
610 2 0 |a rizikovosť práce 
610 2 0 |a psychológia práce 
610 2 0 |a starostlivosť zdravotná 
610 2 0 |a manažment 
100 1 |a Matkovčíková, Natália, 1982-